000 00701cam a2200217 a 4500
005 20220701113953.0
008 191210s2010 mx r 000 0 spa d
020 _a9786074570700
035 _aUPN01000234748
040 _aMX-MxUPN
_bspa
_cMX-MxUPN
050 _aPC4971
_bC55
245 0 3 _aEl chingonario :
_bdiccionario de uso, reuso y abuso del chingar y sus derivados
250 _aPrimera edición
260 _aMéxico :
_bOtras Inquisiciones :
_bLectorum ,
_c2010.
300 _a190 páginas
650 0 _924937
_aEspañol
_vDiccionarios
_xJerga
700 1 _944738
_aMontes de Oca Sicilia, María del Pilar
_eeditor
905 _aLibro
942 _n0
_cLIBRO
_2lcc
999 _c206843
_d206843